000 00845cam a22001814a 4500
005 20250605164403.0
008 250528s ||||||||||||||||||||||||d
035 _a24666
040 _aGR-AtMCL
_bgre
_dGR-AtMCL
_eAACR2
245 1 _aΗ Ψηφιοποίηση Αλλάζει 'Κατεύθυνση' στις Ασφαλίσεις Οχημάτων
260 _bMorax Media S.A,
_c2020
300 _a80
520 _aΠράσινη 'Στροφή' Κάνει η Ασφαλιστική Αγορά, Οι Ασφαλίσεις Υγείας στην Εποχή του Covid-19, Στα Σκαριά Τριπλή Ρύθμιση για Χρέη, Ο 'Πιστός' Πελάτης κι η 'Πιστή' Ασφαλιστική.
700 1 _aΜωράκης Φίλιππος
_99500
942 _cCR
999 _c9533
_d9533